000 00654nam a22002417a 4500
003 UA-OsUOA
001 27684
007 ta
008 20040910b un ||||| |||| 00| 0 ukr d
100 _aДрускин М.
090 _a78:929
_bС83
942 _cBK
040 _aUA-OsUOA
_brus
_cUA-OsUOA
_dUA-OsUOA
245 _aИгорь Стравинский
_bЛичность, творчество, взгляды
300 _a232 с.
_bІлюстрації
955 _a0
041 _arus
080 _a78:929
260 _aЛенинград
_bСоветский композитор
_c1979
044 _aRU
650 7 _2UDC
999 _c314034
_d314034